000 00689nam a2200181Ia 4500
008 151202s9999||||xx |||||||||||||| ||und||
082 _bPNVM-121227
100 _aकुलकर्णी प्रल्हाद ह.
245 _aदासबोधसुधा.
260 _bकुलकर्णी ललिता प्रल्हाद राजाजीनगर बंगलोर.
260 _c1997
300 _a552
600 _aकुलकर्णी प्रल्हाद ह.
630 _aदासबोधसुधा.
700 _aकुलकर्णी प्रल्हाद ह.
730 _aदासबोधसुधा.
942 _cBOOK
999 _c1351356
_d1351353